Quick Pick: Common Crossword Answers Quiz Stats

Quiz Updated Sep 12, 2016

Challenge
Share
Tweet
Embed
Score 0/10 Timer 00:30
2 Plays Today
% Correct
ALI
92%
ERA
91.7%
ALE
91.3%
ORE
90.5%
ELI
86.9%
ERIE
85.9%
ATE
85.4%
ONE
84.6%
ERE
82.2%
AREA
80.6%

Today's Daily Dose

Missing Word
Law Misconceptions

Word Ladder
Easy Math

On This Day
January 20th

You're not logged in!

Compare scores with friends on all Sporcle quizzes.
Sign Up with Email
OR
Log In

You Might Also Like...

Show Comments

Extras

Top Quizzes Today


Score Distribution

Your Account Isn't Verified!

In order to create a playlist on Sporcle, you need to verify the email address you used during registration. Go to your Sporcle Settings to finish the process.